| 000 | 005660000a22001810004500 | ||
|---|---|---|---|
| 090 |
_aAR _b00369 |
||
| 245 | 1 | 0 | _aManatee population in Crystal river, citrus country, Florida |
| 650 | 1 | 4 |
_aMamíferos acuáticos _993274 |
| 650 | 1 | 4 |
_aEcología de poblaciones _93557 |
| 650 | 1 | 4 |
_aHabitat animal _993094 |
| 650 | 1 | 4 |
_aBiología de la especie _993163 |
| 651 | 4 |
_dFlorida _pEstados Unidos _992749 |
|
| 653 |
_gTrichechus _eTrichechus manatus _vManati |
||
| 041 | 0 | _aInglés | |
| 100 | 1 |
_aPowell, James A. _993288 |
|
| 942 | _cARTICULO | ||
| 773 | 1 |
_tPreprint _33 _q33-40 _d1980? |
|
| 999 |
_c9467 _d9467 |
||